| 000 | 00823nam a22002417a 4500 | ||
|---|---|---|---|
| 999 |
_c22455 _d22455 |
||
| 003 | AR-CdUCM | ||
| 008 | 190409b ||||| |||| 00| 0 spa d | ||
| 020 | _a9786123151560 | ||
| 040 |
_aMUNICIPALIDAD PROVINCIAL DEL CUSCO _cBIBLIOTECA MUNICIPAL DEL CUSCO |
||
| 082 |
_a371.395/D54 _bD54 |
||
| 100 |
_aDelgado Santa Gadea, Kenneth _948238 |
||
| 245 |
_aDinámica de grupos : _baplicaciones educativas / _cKenneth Delgado S. G. |
||
| 260 |
_aLima : _bEdit. San Marcos, _c2019. |
||
| 300 |
_a175 páginas ; _bIlustraciones ; _c24 cm. |
||
| 500 | _zBibliografía: p. [135]-138. | ||
| 650 |
_aDinámica de grupos _923504 |
||
| 650 |
_aTrabajo de grupo en la educación _948239 |
||
| 650 |
_aAprendizaje _92143 |
||
| 650 |
_aJuegos educativos _948240 |
||
| 650 |
_aMetodología _92264 |
||
| 942 |
_2ddc _cLIBROS |
||
| 945 | _arac | ||